000 00533nam a2200169Ia 4500
008 220501s2014 xx 000 0 eng d
020 _a9789351610113
082 _a658.4032 KAP-O
100 _aKapoor, V. K.
245 0 _aOperations research : quantitative techniques for management
_cV. K. Kapoor and Sumit Kapoor
250 _a9th Thoroughly revised and updated edition
260 _aNew Delhi
_bSultan Chand & Sons
_c2014
300 _avp.
650 _aOperations research
700 _aKapoor, Sumant
942 _2ddc
_cBK
_08
999 _c18278
_d18278